000 00655nam a22001937a 4500
999 _c181400
_d181400
005 20210913111223.0
010 _aUR-11220
020 _c300.00
_a-
035 _aU-9775
037 _bDBAD/PUB
082 _a841
100 _aا يم اے حميد عکی
245 _aعقيد ت کے پھو ل (حمد يہ و نعتيہ مجمو عہ )
_cا يم اے حميد عکی
246 _aAqeedat Ke Phool (Urdu)
_bby M.A.Hameed Aksi
260 _aTilangana
_c2019 ء
_bM.A.Hameed Aksi
270 _a14-6-39,Nizam Pura Mandi bazar, Warangal
_bTilangana
_e506002
_l-
300 _a133 ص
_c22 Cm(Hb)
942 _2ddc
_cUR
_h841
_mع ک س